Europaische plastik der spatgotik und renaissance (Record no. 7586)

MARC details
000 -CABECERA
campo de control de longitud fija 00801nam a2200253 a 4500
001 - NÚMERO DE CONTROL
campo de control BRCA_7914
005 - FECHA Y HORA DE LA ÚLTIMA TRANSACCIÓN
campo de control 20190320210042.0
008 - DATOS DE LONGITUD FIJA--INFORMACIÓN GENERAL
campo de control de longitud fija 170214s1963----gw-a######---#000-0#ger-#
041 ## - CÓDIGO DE LENGUA
Código de lengua del texto/banda sonora o título independiente ger
044 ## - CÓDIGO DEL PAÍS DE LA ENTIDAD EDITORA/PRODUCTORA
Código MARC del país gw
050 #4 - SIGNATURA TOPOGRÁFICA DE LA BIBLIOTECA DEL CONGRESO
Número de clasificación NB190
Número de documento/Ítem .E97 1963
245 10 - MENCIÓN DE TÍTULO
Título Europaische plastik der spatgotik und renaissance
Mención de responsabilidad, etc. hrgs. von Harald Busch und Bernd Lohse ; einleitung und Bilderlauterungen von Hans Weigert.
260 ## - PUBLICACIÓN, DISTRIBUCIÓN, ETC.
Lugar de publicación, distribución, etc. Fráncfort del Meno
Nombre del editor, distribuidor, etc. Umschau
Fecha de publicación, distribución, etc. c1963
300 ## - DESCRIPCIÓN FÍSICA
Extensión xxxi p.
Otras características físicas il., 224 láminas
Dimensiones 27 cm.
500 ## - NOTA GENERAL
Nota general Y214
650 14 - PUNTO DE ACCESO ADICIONAL DE MATERIA--TÉRMINO DE MATERIA
Término de materia o nombre geográfico como elemento de entrada Escultura gótica
9 (RLIN) 2039
650 14 - PUNTO DE ACCESO ADICIONAL DE MATERIA--TÉRMINO DE MATERIA
Término de materia o nombre geográfico como elemento de entrada Escultura renacentista
9 (RLIN) 7758
650 14 - PUNTO DE ACCESO ADICIONAL DE MATERIA--TÉRMINO DE MATERIA
Término de materia o nombre geográfico como elemento de entrada Escultura
Subdivisión geográfica Europa
9 (RLIN) 19575
700 1# - PUNTO DE ACCESO ADICIONAL--NOMBRE DE PERSONA
Nombre de persona Busch, Harald
Término indicativo de función/relación ed.
9 (RLIN) 19576
700 1# - PUNTO DE ACCESO ADICIONAL--NOMBRE DE PERSONA
Nombre de persona Lohse, Bernd
Término indicativo de función/relación ed.
9 (RLIN) 19577
700 1# - PUNTO DE ACCESO ADICIONAL--NOMBRE DE PERSONA
Nombre de persona Weigert, Hans
9 (RLIN) 10295
902 ## - CATALOGADOR
Iniciales GFM
942 ## - ELEMENTOS DE PUNTO DE ACCESO ADICIONAL (KOHA)
Fuente del sistema de clasificación o colocación Library of Congress Classification
Tipo de ítem Koha Libros
Holdings
Estado de retiro Estado de pérdida Estado dañado No para préstamo Localización permanente Ubicación/localización actual Fecha de adquisición Número de inventario Total de préstamos Signatura topográfica completa Código de barras Fecha visto por última vez Precio válido a partir de Tipo de ítem Koha
El ejemplar forma parte de la colección y puede ser consultado según las políticas vigentes.       Biblioteca del Museo Franz Mayer (Rogerio Casas-Alatriste) Biblioteca del Museo Franz Mayer (Rogerio Casas-Alatriste) 14/02/2014 Y214   NB190 .E97 1963 (Y214) 8525 22/03/2019 22/03/2019 Libros